000 01040cab a2200217 4500
001 ##L136528
008 070206n2007 000 0 eng u
035 _a(Sirsi) u136528
041 0 _aeng
100 1 _aPrior, Grant
245 0 2 _aA solution to the housing puzzle?
260 _c2007
490 0 _aConstruction News
_v(7002) 25 January 2007, 12-13(2)
520 _aDiscusses the new housing and regeneration agency, Communities England, and the response from social housing contractors. The majority of contractors have welcomed the chance to liaise with one body rather than numerous regeneration agencies. However, others are concerned that the merger of the Housing Corporation, English Partnerships and some functions of the DCLG could create uncertainty and believe that reform of the planning system is the only way to speed up house building.
590 _aKA
650 2 4 _aCOMMUNITIES ENGLAND
651 4 _aEngland
_y886-
690 _aPROPERTY-PROPERTY MANAGEMENT-REGENERATION
700 1 _aLynch, Russ
942 _n0
999 _c78330
_d78330